<?xml version="1.0" encoding="UTF-8"?>
<record
    xmlns:xsi="http://www.w3.org/2001/XMLSchema-instance"
    xsi:schemaLocation="http://www.loc.gov/MARC21/slim http://www.loc.gov/standards/marcxml/schema/MARC21slim.xsd"
    xmlns="http://www.loc.gov/MARC21/slim">

  <leader>00464nam a22001217a 4500</leader>
  <controlfield tag="008">240726b        |||||||| |||| 00| 0 eng d</controlfield>
  <datafield tag="040" ind1=" " ind2=" ">
    <subfield code="a">National Science Library</subfield>
    <subfield code="c">National Science Library</subfield>
  </datafield>
  <datafield tag="080" ind1=" " ind2=" ">
    <subfield code="a">R 014.3:05(498)</subfield>
    <subfield code="b">K6</subfield>
  </datafield>
  <datafield tag="245" ind1=" " ind2=" ">
    <subfield code="a">Bibliografia analitica a periodicelor Romanesti </subfield>
  </datafield>
  <datafield tag="260" ind1=" " ind2=" ">
    <subfield code="a">Bucuresti: </subfield>
    <subfield code="b">Editura Academiei Republicii Socialiste Romania, </subfield>
    <subfield code="c">1966</subfield>
  </datafield>
  <datafield tag="500" ind1=" " ind2=" ">
    <subfield code="a">Vol. 1, 1790-1850; xix, 406p. 
Vol. 1, 1790-1850; 407p.-823p.</subfield>
  </datafield>
  <datafield tag="942" ind1=" " ind2=" ">
    <subfield code="2">udc</subfield>
    <subfield code="c">BK</subfield>
  </datafield>
  <datafield tag="999" ind1=" " ind2=" ">
    <subfield code="c">64893</subfield>
    <subfield code="d">64893</subfield>
  </datafield>
  <datafield tag="952" ind1=" " ind2=" ">
    <subfield code="0">0</subfield>
    <subfield code="1">0</subfield>
    <subfield code="2">udc</subfield>
    <subfield code="4">0</subfield>
    <subfield code="6">R_014305498_K6</subfield>
    <subfield code="7">0</subfield>
    <subfield code="9">177887</subfield>
    <subfield code="a">NSL</subfield>
    <subfield code="b">NSL</subfield>
    <subfield code="c">SF/Rk-B3/C-5/R-2</subfield>
    <subfield code="d">1968-06-25</subfield>
    <subfield code="h">Vol. 1, 1790-1850; xix, 406p. </subfield>
    <subfield code="l">0</subfield>
    <subfield code="o">R 014.3:05(498) K6</subfield>
    <subfield code="p">22931</subfield>
    <subfield code="r">2024-07-26 00:00:00</subfield>
    <subfield code="w">1968-06-25</subfield>
    <subfield code="y">BK</subfield>
  </datafield>
  <datafield tag="952" ind1=" " ind2=" ">
    <subfield code="0">0</subfield>
    <subfield code="1">0</subfield>
    <subfield code="2">udc</subfield>
    <subfield code="4">0</subfield>
    <subfield code="6">R_014305498_K6</subfield>
    <subfield code="7">0</subfield>
    <subfield code="9">178324</subfield>
    <subfield code="a">NSL</subfield>
    <subfield code="b">NSL</subfield>
    <subfield code="c">SF/Rk-B3/C-5/R-5</subfield>
    <subfield code="d">1969-06-25</subfield>
    <subfield code="h">Vol. 1, 1790-1850; 407p.-823p.</subfield>
    <subfield code="l">0</subfield>
    <subfield code="o">R 014.3:05(498) K6</subfield>
    <subfield code="p">22932</subfield>
    <subfield code="r">2024-07-30 00:00:00</subfield>
    <subfield code="w">1969-06-25</subfield>
    <subfield code="y">BK</subfield>
  </datafield>
</record>
